全天88星座(星図付き) - Statistics

General Stats
  • This quiz has been taken 450 times
  • The average score is 47 of 88
Answers on the Map
Answers color-coded by a green-red scale on the quiz's map according to % correct below.
 
Answer Stats
略称 名前 % Correct
Tau おうし座
90%
Ori オリオン座
90%
Sco さそり座
90%
Psc うお座
88%
Cnc かに座
87%
Vir おとめ座
86%
Lib てんびん座
86%
Ari おひつじ座
84%
Gem ふたご座
84%
Aqr みずがめ座
84%
CMa おおいぬ座
83%
UMa おおぐま座
83%
UMi こぐま座
83%
Leo しし座
83%
Sge や座
83%
CMi こいぬ座
81%
Ser へび座
81%
Sgr いて座
80%
Cyg はくちょう座
77%
Cap やぎ座
76%
Vel ほ座
75%
Lyr こと座
73%
Aql わし座
73%
Oph へびつかい座
72%
Dra りゅう座
68%
Cas カシオペヤ座
66%
Cru みなみじゅうじ座
66%
And アンドロメダ座
65%
Tri さんかく座
64%
For ろ座
64%
Com かみのけ座
63%
Hya うみへび座
57%
Boo うしかい座
56%
Aur ぎょしゃ座
55%
Peg ペガスス座
55%
Lep うさぎ座
53%
PsA みなみのうお座
53%
Del いるか座
51%
Crv からす座
51%
TrA みなみのさんかく座
51%
Car りゅうこつ座
51%
Cet くじら座
49%
Lup おおかみ座
48%
CrB かんむり座
48%
Sex ろくぶんぎ座
48%
Cam きりん座
47%
Mon いっかくじゅう座
46%
Eri エリダヌス座
46%
Crt コップ座
45%
Cen ケンタウルス座
44%
Oct はちぶんぎ座
44%
Pyx らしんばん座
43%
Equ こうま座
42%
Ind インディアン座
41%
Cha カメレオン座
41%
Cir コンパス座
41%
Men テーブルさん座
41%
CrA みなみのかんむり座
41%
Per ペルセウス座
40%
Mus はえ座
38%
Col はと座
38%
Scl ちょうこくしつ座
37%
Pup とも座
37%
Lyn やまねこ座
37%
Cep ケフェウス座
36%
LMi こじし座
36%
Gru つる座
35%
Phe ほうおう座
35%
Pic がか座
34%
Nor じょうぎ座
34%
Cae ちょうこくぐ座
34%
Hor とけい座
34%
Hyi みずへび座
34%
Ret レチクル座
34%
Her ヘルクレス座
33%
Mic けんびきょう座
32%
Vul こぎつね座
32%
Dor かじき座
31%
Sct たて座
31%
Tel ぼうえんきょう座
31%
CVn りょうけん座
31%
Ara さいだん座
30%
Aps ふうちょう座
30%
Tuc きょしちょう座
29%
Ant ポンプ座
27%
Lac とかげ座
26%
Pav くじゃく座
25%
Vol とびうお座
23%
No matching quizzes found
Score Distribution
Percent of People with Each Score
Percentile by Number Answered
Your Score History
You have not taken this quiz